| 000 -LEADER |
| fixed length control field |
01602cam a2200277 a 4500 |
| 005 - DATE AND TIME OF LATEST TRANSACTION |
| control field |
20131112040713.0 |
| 008 - FIXED-LENGTH DATA ELEMENTS--GENERAL INFORMATION |
| fixed length control field |
110317s2011 dcua b i000 0 eng |
| 020 ## - INTERNATIONAL STANDARD BOOK NUMBER |
| International Standard Book Number |
9780821387542 (alk. paper) |
| 020 ## - INTERNATIONAL STANDARD BOOK NUMBER |
| International Standard Book Number |
9780821387559 |
| 041 0# - LANGUAGE CODE |
| Language code of text/sound track or separate title |
eng |
| 080 ## - UNIVERSAL DECIMAL CLASSIFICATION NUMBER |
| Universal Decimal Classification number |
338.2 |
| 245 00 - TITLE STATEMENT |
| Title |
Risk-based tax audits : |
| Statement of responsibility, etc |
Munawer Sultan Khwaja, Rajul Awasthi, and Jan Loeprick, editors. |
| 260 ## - |
| -- |
Washington D.C. : |
| -- |
World Bank, |
| -- |
c2011. |
| 300 ## - |
| -- |
xviii, 132 p. : |
| -- |
ill. ; |
| -- |
23 cm. |
| 490 0# - |
| -- |
Directions in development |
| 500 ## - |
| -- |
Foreword : f. IX-X |
| 504 ## - BIBLIOGRAPHY, ETC. NOTE |
| Bibliography, etc |
Includes bibliographical references. |
| 505 0# - |
| -- |
Fundamentals of risk-based audits -- Key principles of risk-based audits -- Risk-based audits : assessing the risks -- Approaches to audits for different taxpayer segments -- A risk based approach to large businesses -- Simplified risk scoring for SME's -- Infrastructure for risk analysis -- Database and it framework for risk analysis -- Building and integrating databases for risk profiles in the United Kingdom -- Data warehouse and data mining tools for risk management : the case of Turkey -- Country experiences in risk based tax audits -- Sweden -- The Netherlands -- Bulgaria -- India -- Ukraine -- Kazakhstan -- Which audit selection strategy? : a review -- Conclusion: lessons for reforms. |
| 650 #0 - |
| -- |
Auditimi i taksave |
| -- |
Rast studimi |
| 650 #0 - |
| -- |
Auditimi |
| -- |
Programet kompjuterike |
| 650 #0 - |
| -- |
Menaxhimi i riskut |
| 700 1# - |
| -- |
Khwaja, Munawer Sultan. |
| 700 1# - |
| -- |
Awasthi, Rajul. |
| 700 1# - |
| -- |
Loeprick, Jan. |
| 942 ## - ADDED ENTRY ELEMENTS (KOHA) |
| Source of classification or shelving scheme |
|
| Item type |
Books |